Giuseppe Giuseppe| : filastroccario verdiano /

محفوظ في:
التفاصيل البيبلوغرافية
المؤلفون الرئيسيون: Omboni, Ida (مؤلف), Poli, Paolo, (1929-2016) (مؤلف)
التنسيق: كتاب
اللغة:الإيطالية
منشور في: Montepulciano : Editori del Grifo, 1981
الوسوم: إضافة وسم
لا توجد وسوم, كن أول من يضع وسما على هذه التسجيلة!

MARC

LEADER 00000nam a2200000 i 4500
001 IT\ICCU\CFI\0043331
003 ItRI
005 20260115232309.0
008 871106s1981 it |||||| ||||| |||||c
015 |2 IT  |a 88-1815 
040 |b ita  |c importazione bologna sebina 
041 7 |a ita  |2 ISO-639-2 
082 |a 851.914  |9 POESIA ITALIANA. 1945-  |2 19 
100 1 |a Omboni, Ida  |0 IT\ICCU\CFIV\017686  |4 aut 
245 1 0 |a Giuseppe Giuseppe| :  |b filastroccario verdiano /  |c di Ida Omboni e Paolo Poli. 
260 |a Montepulciano :  |b Editori del Grifo,  |c 1981 
300 |a 126 p. ;  |c 21 cm. 
700 1 |a Poli, Paolo,  |d  (1929-2016)  |0 IT\ICCU\CFIV\027444  |4 aut 
942 |2 ddc  |c BK  |n 0 
952 |0 0  |1 0  |4 0  |6 DOC_398_209000000000000_OMB  |7 0  |9 23762  |a BO  |b BO  |d 2026-01-15  |i 15515  |l 0  |o DOC 398.209 OMB  |p BO15515  |r 2026-01-15 23:23:09  |w 2026-01-15  |x [Sebina 5] [1 v.]  |y BK  |z 1 v. (2. copia) 
952 |0 0  |1 0  |4 0  |6 DOC_398_209000000000000_OMB  |7 0  |9 23763  |a BO  |b BO  |d 2026-01-15  |i 2162  |l 0  |o DOC 398.209 OMB  |p BO2162  |r 2026-01-15 23:23:09  |w 2026-01-15  |x [Sebina 7] [1 v.]  |y BK  |z 1 v. 
999 |c 20238  |d 20238